Maternity & women's health care / (Record no. 23703)
[ view plain ]
| 000 -LEADER | |
|---|---|
| fixed length control field | 01043nam a22003015a 4500 |
| 005 - DATE AND TIME OF LATEST TRANSACTION | |
| control field | 20171024135257.0 |
| 008 - FIXED-LENGTH DATA ELEMENTS--GENERAL INFORMATION | |
| fixed length control field | 161222t2016 moua frbd 001 0 eng d |
| 020 ## - INTERNATIONAL STANDARD BOOK NUMBER | |
| International Standard Book Number | 9780323169189 |
| 040 ## - CATALOGING SOURCE | |
| Original cataloging agency | EG-ScBUE |
| Language of cataloging | eng |
| Transcribing agency | EG-ScBUE |
| Modifying agency | EG-ScBUE |
| -- | EG-ScBUE |
| 082 04 - DEWEY DECIMAL CLASSIFICATION NUMBER | |
| Classification number | 618.10231 |
| Item number | MAT |
| Edition number | 22 |
| 245 00 - TITLE STATEMENT | |
| Title | Maternity & women's health care / |
| Statement of responsibility, etc | Deitra Leonard Lowdermilk ... [et al.] ; editor Ellen F. Olshansky. |
| 246 3# - VARYING FORM OF TITLE | |
| Title proper/short title | Maternity and women's health care |
| 250 ## - EDITION STATEMENT | |
| Edition statement | 11th ed. |
| 260 ## - PUBLICATION, DISTRIBUTION, ETC. (IMPRINT) | |
| Place of publication, distribution, etc | Louis : |
| Name of publisher, distributor, etc | Elsevier, |
| Date of publication, distribution, etc | c.2016. |
| 300 ## - PHYSICAL DESCRIPTION | |
| Extent | xxiv, 973 p. : |
| Other physical details | ill. ; |
| Dimensions | 28 cm. |
| 500 ## - GENERAL NOTE | |
| General note | Glossary : p. 931-943. |
| 500 ## - GENERAL NOTE | |
| General note | Index : p. 944-973. |
| 504 ## - BIBLIOGRAPHY, ETC. NOTE | |
| Bibliography, etc | Includes bibliographical references. |
| 650 #7 - SUBJECT ADDED ENTRY--TOPICAL TERM | |
| Topical term or geographic name as entry element | Maternity nursing. |
| Source of heading or term | BUEsh |
| 9 (RLIN) | 12162 |
| 650 #7 - SUBJECT ADDED ENTRY--TOPICAL TERM | |
| Topical term or geographic name as entry element | Gynecologic nursing. |
| Source of heading or term | BUEsh |
| 650 #7 - SUBJECT ADDED ENTRY--TOPICAL TERM | |
| Topical term or geographic name as entry element | Women's health services. |
| Source of heading or term | BUEsh |
| 9 (RLIN) | 28923 |
| 651 ## - SUBJECT ADDED ENTRY--GEOGRAPHIC NAME | |
| Source of heading or term | BUEsh |
| 653 ## - INDEX TERM--UNCONTROLLED | |
| Resource For college | Nursing |
| Arrived date list | December2016 |
| -- | October2017 |
| 655 ## - INDEX TERM--GENRE/FORM | |
| Form subdivision | Text book |
| -- | 33728 |
| 700 1# - ADDED ENTRY--PERSONAL NAME | |
| Personal name | Olshansky, Ellen F., |
| Relator term | editor. |
| 700 1# - ADDED ENTRY--PERSONAL NAME | |
| Personal name | Lowdermilk, Deitra Leonard. |
| 9 (RLIN) | 28924 |
| 942 ## - ADDED ENTRY ELEMENTS (KOHA) | |
| Source of classification or shelving scheme | Dewey Decimal Classification |
| Withdrawn status | Item status | Source of classification or shelving scheme | Damaged status | Not for loan | Vendor | Home library | Current library | Shelving location | Date acquired | Source of acquisition | Cost, normal purchase price | Serial Enumeration / chronology | Total Checkouts | Total Renewals | Full call number | Barcode | Date last seen | Date last borrowed | Cost, replacement price | Koha item type |
|---|---|---|---|---|---|---|---|---|---|---|---|---|---|---|---|---|---|---|---|---|
| Dewey Decimal Classification | ايمك | Central Library | Central Library | First floor | 22/12/2016 | Purchase | 1184.00 | 3397 | 1 | 24 | 618.10231 MAT | 000040596 | 15/07/2025 | 16/02/2017 | 1480.00 | NB - Book (Non borrowing) | ||||
| Dewey Decimal Classification | ايمك | Central Library | Central Library | First floor | 22/12/2016 | Purchase | 1184.00 | 3397 | 4 | 21 | 618.10231 MAT | 000040597 | 15/07/2025 | 01/10/2017 | 1480.00 | Book - Borrowing | ||||
| Dewey Decimal Classification | Baccah | Central Library | Central Library | First floor | 24/10/2017 | Purchase | 1550.00 | 2 | 618.10231 MAT | 000046805 | 15/07/2025 | 17/11/2021 | Book - Borrowing | |||||||
| Dewey Decimal Classification | Baccah | Central Library | Central Library | First floor | 24/10/2017 | Purchase | 1550.00 | 2 | 27 | 618.10231 MAT | 000046806 | 15/07/2025 | 09/09/2020 | Book - Borrowing | ||||||
| Dewey Decimal Classification | Baccah | Central Library | Central Library | First floor | 24/10/2017 | Purchase | 1550.00 | 2 | 27 | 618.10231 MAT | 000046807 | 15/07/2025 | 14/12/2022 | Book - Borrowing |